000 00664nam a2200241Ia 4500
005 20250519113930.0
008 230125s9999 xx 000 0 und d
020 _a978-93-87994-03-4
041 _aeng
082 _a174.4
_bSHI
100 _aShikha N
_9118417
245 _aCorporate Governance in India : Principles and Policies
250 _a1st Ed.
260 _c2018
_bCengage Learning
_aDelhi
300 _a282p
650 _aBusiness ethics;Corporate governance
_9119115
700 _aShikha N & Sharma G
_9118418
906 _b106.25
942 _cBK
999 _c96488
_d96488
500 _aBusiness Ethics
500 _aCorporate governance